Power system stability /

Bibliographic Details
Main Author: Rácz, László
Other Authors: Bókay, Béla
Format: Book
Language:English
Published: Amsterdam ; New York : Elsevier, 1988.
Series:Studies in electrical and electronic engineering ; 30.
Subjects:

MARC

Tag First Indicator Second Indicator Subfields
LEADER 00000cam a2200000 a 4500
001 in00000017574
005 20151007053440.0
008 870311s1988 ne af b 00110 eng
010 |a  87006830  
020 |a 044498965X :  |c $100.00 (U.S. : est.) 
035 |a (OCoLC)15428338 
035 |9 AAB1684AM 
040 |a DLC  |c DLC  |d TXA  |d UtOrBLW 
041 1 |a eng  |h hun 
049 |a TXAM  |c [A11048042] 
050 0 0 |a TK1005  |b .R25 1988 
082 0 |a 621.319/21  |2 19 
100 1 |a Rácz, László. 
245 1 0 |a Power system stability /  |c László Z. Rácz and Béla Bókay ; [translated by L.Z. Rácz]. 
264 1 |a Amsterdam ;  |a New York :  |b Elsevier,  |c 1988. 
300 |a 291 pages, 1 unnumbered folded leaf of plates :  |b illustrations ;  |c 25 cm. 
336 |a text  |b txt  |2 rdacontent 
337 |a unmediated  |b n  |2 rdamedia 
338 |a volume  |b nc  |2 rdacarrier 
490 1 |a Studies in electrical and electronic engineering ;  |v 30 
500 |a "Revised English version of the Hungarian Villamosenergia- rendszerek stabilitása"--Title page verso. 
504 |a Bibliography: pages [281]-287. 
500 |a Includes index. 
650 0 |a Electric power system stability. 
700 1 |a Bókay, Béla. 
700 1 |a Bókay, Béla.  |t Villamosenergia-rendszerek stabilitása. 
830 0 |a Studies in electrical and electronic engineering ;  |v 30. 
999 |a MARS 
999 f f |s c11b1584-9ea4-3599-9cde-d4a3afca7104  |i 03232dd0-4e02-3adb-b843-590b1118789e  |t 0 
952 f f |p ric  |a Texas A&M University  |b Rellis Campus  |c Joint Library Facility  |d Remote Storage  |t 0  |e TK1005 .R25 1988  |h Library of Congress classification  |i unmediated -- volume  |m A14811048042 
998 f f |a TK1005 .R25 1988  |t 0  |l Remote Storage